000 01586nam a2200349 c 4500
003 BLK
005 20220408151818.0
008 180408b bul|||||r ||||||| ||bul||
010 _aKNG00070157000
020 _a954-8981-82-3
_bиздат.: Нова звезда
040 _aBLK
041 _aBUL
_cBUL
080 _aТрудово законодателство. Работническо законодателство. Социално законодателство
_b351.83
_x:331(497.2)(094.4.072)
_z351.83:331(497.2)(094.4.072)
700 1 _aИванова, Емилия С.
_eкомент.
_9292667
710 1 _aБългария. Закони и др. п.
_9243213
139 _aБългария. Закони и др. п.
_bБ 92
245 1 0 _aКодекс на труда
_bКоментар
_cкомент. Емилия С. Иванова.
257 _aBGR
260 София
_bНова звезда
_c2006
_fСофия : СУ Св. Климент Охридски
300 _a560 с.
_c24 см
380 _a3
500 _aДруги авт. : М. Пенева, М. Стефанова, М. Дерменджиев, М. Стоянов. - В кн. означено 2. изд. - Офс. изд.
650 4 _aТруд - България - законодателни и директивни материали
_9250742
653 _aКодекс на труда
653 _aкоментари
653 _aБългария
852 _aЦб 230515
856 4 _qpdf
_u
856 4 _qpdf
_u
942 _cKNG
_n0
_02
944 _aCR
_c20.12.2006
_kМилена_Ачева
944 _aED
_c01.12.2008
_k
999 _c65875
_d65875